<?xml version="1.0" encoding="utf-8"?>
<?xml-stylesheet type='text/xsl' href='./oai2.xsl'?>
<OAI-PMH xmlns="http://www.openarchives.org/OAI/2.0/" xmlns:xsi="http://www.w3.org/2001/XMLSchema-instance" xsi:schemaLocation="http://www.openarchives.org/OAI/2.0/ http://www.openarchives.org/OAI/2.0/OAI-PMH.xsd">
  <responseDate>2026-05-17T19:33:47Z</responseDate>
  <request verb="GetRecord" metadataPrefix="marcxml" identifier="record_kuniweb_24192">https://kulturerbe.niedersachsen.de/oai</request>
  <GetRecord>
    <record>
      <header>
        <identifier>record_kuniweb_24192</identifier>
        <datestamp>2026-03-31T19:09:18Z</datestamp>
        <setSpec>slg0161</setSpec>
      </header>
      <metadata>
        <marc:record xmlns:marc="http://www.loc.gov/MARC21/slim" xsi:schemaLocation="http://www.loc.gov/MARC21/slim http://www.loc.gov/standards/marcxml/schema/MARC21slim.xsd">
          <marc:leader>12345nrm  22     uu 4500</marc:leader>
          <marc:controlfield tag="001">24192</marc:controlfield>
          <marc:controlfield tag="003">http://kuniweb.gbv.de</marc:controlfield>
          <marc:controlfield tag="005">2021-09-16T12:54:19</marc:controlfield>
          <marc:controlfield tag="008">|           ||||||||||||||||||||||</marc:controlfield>
          <marc:datafield tag="245" ind1="1" ind2="0">
            <marc:subfield code="a">Willkommpokal / Nachbarschaft der Münstergemeinde Einbeck</marc:subfield>
          </marc:datafield>
          <marc:datafield tag="655" ind1=" " ind2="7">
            <marc:subfield code="a">Alltagskultur</marc:subfield>
          </marc:datafield>
          <marc:datafield tag="046" ind1=" " ind2=" ">
            <marc:subfield code="k">1860</marc:subfield>
            <marc:subfield code="k">1860</marc:subfield>
          </marc:datafield>
          <marc:datafield tag="260" ind1=" " ind2=" ">
            <marc:subfield code="g">1860</marc:subfield>
            <marc:subfield code="g">1860</marc:subfield>
          </marc:datafield>
          <marc:datafield tag="300" ind1=" " ind2=" ">
            <marc:subfield code="a">Höhe: 37 cm (mit Deckel)
Durchmesser: 12,8 cm (Fuß)</marc:subfield>
          </marc:datafield>
          <marc:datafield tag="520" ind1=" " ind2=" ">
            <marc:subfield code="a">Willkommpokal der Münstergemeinde, Nachbarschaftspokal
Flach gewölbter, profilierter Rundfuß. Stiel mit Nodus. Eiförmiger Körper, im unteren Viertel abgesetzt. Gekehlte Schulter, Hals mit profiliertem Abschluß. Im Körperinneren ist im unteren Viertel ein Haltering, in den ein flaches Metallsieb /D=8,7cm) mit Stempelknopf per Bajonettverschluß befestigt ist.
Gewölbter, profilierter Deckel (D=11cm) mit massivem Knopf in Form einer Rocaille. Auf dem Körper sind gravierte Inschriften. (Stadtmuseum Einbeck)

Aufschrift:
Deckel: Engelmarke mit Umschrift (C.) SARTORISIO EINBECK FEIN BL ZIN (=Carl Pius Sartorisio, Einbeck, 1834-1897) (Marke)

Gravur:
Von links nach rechts: 1. "Zur Erinnerung/an/die Nachbarschaft des Münsters/und/der angrenzenden Straszen/am 11, 13 und 15. Juli 1860/ Die Schaffer/Ph. Wallbaum, W. Eicke, H.L. Harland/ C. Schmidtmann." 2. "Einbecker Nachbarschaft/der/Münstergemeinde/am/13, 17 und 25. Juni1905/Die Schaffer/E. Goemann. E. Seifert. H. Rüttgerott/C. Franke. W. Drewes" 3. "Zur Erinnerung/an/die Nachbarschaft des Münsters/und/der angrenzenen Strassen/am 4, 9, und 14ten Juli 1880/ Die Schaffer/H. Hofschmidt L. Beuermann A. Schaper/ A. Franke F. Hesse"

Gebrauchsort:
Einbeck (Northeim, Niedersachsen)

Literatur in Zusammenhang:
Zu den Zinngießern vgl.: Wiswe, Mechthild, Italienische Zinngießer im südöstlichen Niedersachsen. In Beiträge der Historischen Komission für Niedersachsen und Bremen, Sonderband, Hildesheim 1984, S.303</marc:subfield>
          </marc:datafield>
          <marc:datafield tag="650" ind1="1" ind2=" ">
            <marc:subfield code="a">Behältnis, Hülle &gt; Behältnis &gt; Gefäß &gt; Becher &gt; Pokal</marc:subfield>
          </marc:datafield>
          <marc:datafield tag="650" ind1="1" ind2=" ">
            <marc:subfield code="a">Regionale Bräuche/Feste</marc:subfield>
          </marc:datafield>
          <marc:datafield tag="773" ind1="0" ind2=" ">
            <marc:subfield code="t">Sammlung Einbecker Nachbarschaften</marc:subfield>
          </marc:datafield>
          <marc:datafield tag="852" ind1=" " ind2=" ">
            <marc:subfield code="a">Stadtmuseum Einbeck</marc:subfield>
          </marc:datafield>
          <marc:datafield tag="" ind1=" " ind2=" ">
            <marc:subfield code="a">Namensnennung - Weitergabe unter gleichen Bedingungen 4.0 International (CC BY-SA 4.0)</marc:subfield>
          </marc:datafield>
        </marc:record>
      </metadata>
    </record>
  </GetRecord>
</OAI-PMH>
